50 Zufällige Umrisse zu Land - Statistiken

Allgemein
  • Dieses Quiz wurde 4.431 mal gespielt
  • Das Durchschnittsergebnis liegt bei 34 aus 50
Antwortstatistiken
Bildquiz Antwort % Korrekt
Island
95%
Indonesien
94%
Vereinigte Staaten
94%
Indien
93%
Italien
93%
Norwegen
93%
Australien
92%
Chile
92%
Griechenland
92%
Japan
92%
Vereinigtes Königreich
92%
Deutschland
91%
Frankreich
91%
Kanada
91%
Senegal
91%
Spanien
91%
Vietnam
91%
Marokko
90%
Österreich
90%
Südafrika
90%
Kroatien
89%
Russland
89%
China
88%
Gambia
88%
Laos
88%
Mexiko
88%
Namibia
88%
Papua-Neuguinea
88%
Somalia
88%
Thailand
88%
Türkei
88%
Zypern
88%
Ägypten
87%
Brasilien
87%
Monaco
87%
Myanmar
87%
Niederlande
87%
Philippinen
87%
Schweden
87%
Nepal
86%
Neuseeland
85%
Portugal
85%
Vatikanstadt
85%
Dänemark
84%
Israel
84%
Kuba
84%
Mali
84%
Schweiz
84%
Sri Lanka
84%
Benin
83%
Irland
83%
Madagaskar
83%
Jemen
82%
Argentinien
81%
Tschad
81%
Oman
80%
Sudan
80%
Ukraine
80%
Pakistan
79%
Libyen
78%
Mauretanien
78%
Panama
78%
Algerien
77%
Finnland
77%
Mongolei
77%
Bangladesch
76%
Bosnien und Herzegowina
76%
Eritrea
76%
Haiti
76%
Malaysia
76%
Polen
76%
Sambia
76%
Kasachstan
75%
Peru
75%
Rumänien
75%
Lettland
74%
Mosambik
74%
Tschechien
74%
Vereinigte Arabische Emirate
74%
Afghanistan
73%
Angola
73%
Äthiopien
73%
Jordanien
73%
Serbien
73%
Äquatorial-Guinea
72%
Kosovo
72%
Iran
71%
Ungarn
71%
Venezuela
71%
Kamerun
70%
Nicaragua
70%
Niger
70%
Südkorea
70%
Syrien
70%
Usbekistan
70%
Albanien
69%
Elfenbeinküste
69%
Malediven
69%
Slowakei
69%
Aserbaidschan
68%
Bulgarien
68%
Malawi
68%
Taiwan
68%
Tunesien
68%
Demokratische Republik Kongo
67%
Saudi-Arabien
67%
Trinidad und Tobago
67%
Föderierte Staaten von Mikronesien
66%
Irak
66%
Moldawien
66%
Togo
66%
Turkmenistan
66%
Estland
65%
Malta
65%
Tadschikistan
64%
Bahamas
63%
Burkina Faso
63%
Georgien
63%
Kirgisistan
63%
Belarus
62%
Ghana
62%
Nauru
62%
Nordkorea
62%
Costa Rica
61%
Belgien
60%
Belize
60%
Gabun
60%
Guyana
60%
Singapur
60%
Slowenien
60%
Vanuatu
60%
Ecuador
59%
Liechtenstein
59%
Republik Kongo
59%
Guinea
58%
Nordmazedonien
58%
Guatemala
57%
Litauen
57%
Paraguay
57%
St. Kitts und Nevis
57%
Kolumbien
56%
Kuwait
56%
Luxemburg
56%
Tansania
56%
Kiribati
55%
Marshallinseln
55%
Salomonen
55%
Brunei
54%
Jamaika
54%
Osttimor
54%
Katar
53%
Südsudan
53%
Antigua und Barbuda
52%
Nigeria
52%
Botswana
51%
São Tomé und Príncipe
51%
Simbabwe
51%
Kap Verde
50%
El Salvador
49%
Fidschi
49%
Guinea-Bissau
49%
Montenegro
49%
Zentralafrikanische Republik
49%
Honduras
48%
Grenada
47%
Kenia
47%
Sierra Leone
47%
St. Vincent und die Grenadinen
47%
Armenien
46%
Eswatini
46%
Barbados
45%
Liberia
45%
St. Lucia
45%
Burundi
44%
Uganda
44%
Bolivien
43%
Dschibuti
43%
Komoren
43%
Tuvalu
43%
Uruguay
43%
Bahrain
42%
Dominikanische Republik
42%
Libanon
42%
Andorra
41%
Suriname
41%
Bhutan
40%
Samoa
40%
San Marino
40%
Dominica
39%
Tonga
39%
Kambodscha
37%
Lesotho
37%
Mauritius
37%
Palau
37%
Seychellen
36%
Ruanda
32%
Keine übereinstimmenden Quizze gefunden
Verteilung der Resultate
Anzahl Personen mit jedem Resultat
Perzentil nach korrekt beantworteten Fragen
Ihre Resultats-Entwicklung
Sie haben dieses Quiz noch nicht gespielt